[Event "FIN-ch Seniors 65"]
[Site "Helsinki"]
[Date "2024.04.03"]
[Round "6"]
[White "Hietala, Pekka"]
[Black "Kukkonen, Martti"]
[Result "1-0"]
[WhiteElo "1994"]
[BlackElo "1671"]
[PlyCount "57"]
[EventDate "2024.03.29"]
[EventType "swiss"]
[EventRounds "9"]
[EventCountry "FIN"]
[SourceTitle "CB15_2024"]
[SourceDate "2024.04.10"]
[SourceVersion "1"]
[SourceVersionDate "2024.04.10"]
[SourceQuality "1"]

1. c4 Nf6 2. Nc3 d6 3. Nf3 Bg4 4. d4 e6 5. e4 Be7 6. h3 Bh5 7. Be2 Nbd7 8. Be3 Bg6 9. Bd3 c5 10. e5 Ng8 11. Bxg6 hxg6 12. exd6 Bxd6 13. Ne4 Qb6 14. Nxd6+ Qxd6 15. dxc5 Qc7 16. b4 a5 17. a3 Rd8 18. Qd6 Qc8 19. 0-0-0 Ne7 20. g4 Nxc5 21. Qxd8+ Qxd8 22. Rxd8+ Kxd8 23. Bxc5 Nc6 24. b5 Ne7 25. Bb6+ Ke8 26. Bxa5 f5 27. Rd1 Rxh3 28. Rd8+ Kf7 29. Ng5+ 1-0